LAS INCOGNITAS DEL TRAFICO URBANO (Registro nro. 12372)
[ vista simple ]
| 000 -LEADER | |
|---|---|
| fixed length control field | 00466nam a2200169 a 4500 |
| 001 - CONTROL NUMBER | |
| control field | 12372 |
| 005 - DATE AND TIME OF LATEST TRANSACTION | |
| control field | 20180713200630.0 |
| 008 - FIXED-LENGTH DATA ELEMENTS--GENERAL INFORMATION | |
| fixed length control field | 140415s1968 sp 000 0 spa d |
| 041 ## - LANGUAGE CODE | |
| Language code of text/sound track or separate title | spa |
| 082 ## - DEWEY DECIMAL CLASSIFICATION NUMBER | |
| Classification number | 711 |
| Item number | CIE |
| 245 04 - TITLE STATEMENT | |
| Title | LAS INCOGNITAS DEL TRAFICO URBANO |
| 250 ## - EDITION STATEMENT | |
| Edition statement | 1a ed. |
| 260 ## - PUBLICATION, DISTRIBUTION, ETC. | |
| Place of publication, distribution, etc. | ESPAÑA : |
| Name of publisher, distributor, etc. | G.GILI, |
| Date of publication, distribution, etc. | 1968 |
| 490 ## - SERIES STATEMENT | |
| Series statement | CIENCIA URBANISTICA |
| Volume/sequential designation | 6 |
| 650 14 - SUBJECT ADDED ENTRY--TOPICAL TERM | |
| Topical term or geographic name entry element | PLANIFICACION REGIONAL |
| General subdivision | URBANISMO |
| 740 ## - ADDED ENTRY--UNCONTROLLED RELATED/ANALYTICAL TITLE | |
| Uncontrolled related/analytical title | TRAFFICO URBANO CHE FARE? |
| Withdrawn status | Lost status | Source of classification or shelving scheme | Damaged status | Not for loan | Collection code | Home library | Current library | Shelving location | Date acquired | Source of acquisition | Inventory number | Total Checkouts | Full call number | Barcode | Date last seen | Date last checked out | Price effective from | Koha item type |
|---|---|---|---|---|---|---|---|---|---|---|---|---|---|---|---|---|---|---|
| Dewey Decimal Classification | General | Biblioteca Karol Wojtyla | Biblioteca Karol Wojtyla | Área de silencio | 03/12/2013 | Compra | 151000000000000000028286 | 1 | 711 CIE | 28324 | 05/01/2026 | 29/01/2019 | 03/12/2013 | Libro |